1711 1200 1791 1697 1870 1005 1185 1715 1898 1339 1295 1438 1801 1539 1697 1318 1916 1782 1993 1933 1049 1783 1154 1969 1523 1781 1253 1350 1788 1484 1947 1893 1320 1569 1152 1175 1438 1437 1454 1645 1714 1796 1644 1021 1034 1917 1307 1844 1483 1940 1914 1838 1071 1945 1681 1503 1014 1363 1445 1089 1890 1462 1815 1824 1719 1933 1878 1984 1045 1475 1518 1122 1277 1190 1870 1202 1286 1957 1971 1399 1544 1320 1102 1371 1232 1875 1825 1283 1481 1825 1754 1110 1692 1141 1847 1350 1872 1812 1976 BCNSPRNW ULIB Ver.6.0+V

เปลี่ยนเป็นภาษาไทย

Change to English
 แสดงรายละเอียดบรรณานุกรม
  กลับหน้าหลัก

Brief Record : Get Marc (ISO 2709) : E-mail record : QR code < ปิดหน้าต่าง
LEADER : 00000nam 2200000uu 4500
001    13399110464
003     ULIB
008    110601s2544||||th 000 0 tha d
020    9740500072
060 04 WO200^bก499ก 2544
245 00 การระงับความรู้สึกผู้ป่วยโรคต่อมไร้ท่อ =^bAnesthesia forpatients with endocrine disease /^cจริยา เลิศอรรฆยมณี, ทรงยศ วลัยฤาชา, บรรณาธิการ
246 31 Anesthesia for patients with endocrine disease
250    ฉบับพิมพ์ครั้งที่ 1
260    กรุงเทพฯ :^bเรือนแก้ว,^c2544
300    201 หน้า ;^c27 ซม.
650  7 ต่อมไร้ท่อ, โรค
650  7 ระงับความรู้สึก
653    ผลงานอาจารย์คณะแพทยศาสตร์ศิริราชพยาบาล
700 0  จริยา เลิศอรรฆยมณี,^eบรรณาธิการ
700 0  ทรงยศ วลัยฤาชา,^eบรรณาธิการ
945    ^p200^l0^i015165
945    ^p200^l0^i014989
945    ^p200^l0^i014988
945    ^p200^l0^i014987
945    ^p200^l0^i014986
945    ^p200^l0^i014984
945    ^p200^l0^i015164
945    ^p200^l0^i014985
995    ทศพร
999 ^a ใช้งานได้ทุกระบบ
รายการนี้ยังไม่มีแท็ก
คุณยังไม่ได้ล็อกอิน คุณสามารถมีกิจกรรมร่วมกับเว็บไซต์ได้ แต่ต้องล็อกอินก่อน ::
  ล็อกอิน

รายการสื่อสารสนเทศ

ลำดับที่ ประเภท เลขเรียก/บาร์โค้ด สถานที่ สถานะ
- ไม่พบข้อมูล -

รายการใกล้เคียง
    หัวเรื่อง [ต่อมไร้ท่อ, โรค]
    หัวเรื่อง [ระงับความรู้สึก]

BibComment


ยังไม่เคยถูกคอมเมนท์

คอมเมนท์ทรัพยากรรายการนี้
  คอมเมนท์: การระงับความรู้สึ..


 Copyright 2026. Bcnsprnw @Library